[Event "ESP-ch Rapid"]
[Site "Mengibar"]
[Date "2024.08.17"]
[Round "6"]
[White "Garcia Moral Garcia, Jose Daniel"]
[Black "Fernandez Borrego, Pablo"]
[Result "1/2-1/2"]
[WhiteElo "2274"]
[BlackElo "2393"]
[PlyCount "120"]
[EventDate "2024.08.17"]
[EventType "swiss (rapid)"]
[EventRounds "10"]
[EventCountry "ESP"]
[SourceTitle "CBM 221 Extra"]
[Source "ChessBase"]
[SourceDate "2024.09.30"]
[SourceVersion "1"]
[SourceVersionDate "2024.09.30"]
[SourceQuality "1"]

1. d4 e6 2. c4 d5 3. Nc3 Nf6 4. Bg5 a6 5. cxd5 exd5 6. Qc2 c6 7. e3 Nbd7 8. Bd3 h6 9. Bh4 g5 10. Bg3 Nh5 11. Nge2 Nxg3 12. Nxg3 Nf6 13. 0-0-0 Be6 14. h4 g4 15. Nce2 c5 16. Kb1 Rc8 17. dxc5 Rxc5 18. Qd2 Bg7 19. Nd4 0-0 20. Rc1 Rxc1+ 21. Rxc1 Ne4 22. Nxe4 dxe4 23. Bxe4 Qxh4 24. Bxb7 Rd8 25. Bxa6 Bd5 26. g3 Qf6 27. Bc4 Be4+ 28. Bd3 Bd5 29. Bc2 Qa6 30. a3 Rb8 31. Qc3 Bf8 32. Ka1 Qf6 33. Qc7 Ra8 34. Qf4 Bxa3 35. bxa3 Qe7 36. Qxg4+ Kf8 37. Nb5 Rxa3+ 38. Kb2 Ra2+ 39. Kc3 Qc5+ 40. Kd2 Qxb5 41. Qc8+ Ke7 42. Qc7+ Ke6 43. Qc3 Rb2 44. Ke1 Bc4 45. Qd4 Qb4+ 46. Qd2 Qa3 47. f4 Ke7 48. Kd1 Bb3 49. Qc3 Qd6+ 50. Ke1 Rxc2 51. Rxc2 Bxc2 52. Qxc2 Kf8 53. Qc3 Kg8 54. Qd4 Qa3 55. Kf2 Qa2+ 56. Kf3 Qb1 57. e4 Qh1+ 58. Kg4 Kh7 59. Qf6 Qd1+ 60. Kh3 Qh1+ 1/2-1/2

[Event "ESP-ch Rapid"]
[Site "Mengibar"]
[Date "2024.08.17"]
[Round "4"]
[White "Garcia Moral Garcia, Jose Daniel"]
[Black "Suarez Gomez, Julio"]
[Result "1/2-1/2"]
[WhiteElo "2274"]
[BlackElo "2492"]
[PlyCount "189"]
[EventDate "2024.08.17"]
[EventType "swiss (rapid)"]
[EventRounds "10"]
[EventCountry "ESP"]
[SourceTitle "CBM 221 Extra"]
[Source "ChessBase"]
[SourceDate "2024.09.30"]
[SourceVersion "1"]
[SourceVersionDate "2024.09.30"]
[SourceQuality "1"]

1. d4 d5 2. c4 e6 3. Nc3 Nf6 4. Bg5 Be7 5. e3 Nbd7 6. Nf3 h6 7. Bh4 0-0 8. cxd5 exd5 9. Bd3 c6 10. 0-0 Ne4 11. Bxe7 Qxe7 12. Qc2 Ndf6 13. Rab1 a5 14. a3 Bf5 15. Ne5 Bh7 16. Rbe1 Rfc8 17. f3 Nxc3 18. Bxh7+ Nxh7 19. Qxc3 Nf6 20. Nd3 Re8 21. Qc5 Nd7 22. Qxe7 Rxe7 23. Kf2 Rae8 24. Re2 Nb6 25. Rfe1 Rd8 26. Nc5 Nc4 27. a4 h5 28. b3 Nb6 29. g3 Nc8 30. h3 g6 31. Nd3 Kg7 32. Rc2 Nd6 33. Rce2 Nf5 34. g4 hxg4 35. hxg4 Nd6 36. Rh1 Rde8 37. Nf4 f6 38. Rh3 Nf7 39. Rh1 Ng5 40. Rh2 Ra8 41. Rc2 Ra6 42. Rc5 Rb6 43. Rc3 Ra6 44. Rh1 Ra8 45. Rc2 Ree8 46. Rcc1 Rh8 47. Kg2 Rhe8 48. Kf2 Re7 49. Rc2 Rae8 50. Re2 Rf8 51. Ree1 Nf7 52. Rh2 Rfe8 53. Re2 g5 54. Nh5+ Kg6 55. Ng3 Nd6 56. Rh1 Ra8 57. Rc2 Ra6 58. Rc5 Rb6 59. Rc3 Ra6 60. Rh8 Kf7 61. Rc1 Ke6 62. f4 Rb6 63. f5+ Kd7 64. Rc3 Rb4 65. Rh6 Rf7 66. Rh8 Ke7 67. Kf3 Rf8 68. Rh7+ Rf7 69. Rh8 Rf8 70. Rh7+ Nf7 71. Nf1 Rh8 72. Rxh8 Nxh8 73. Nd2 Rb6 74. Rc1 Nf7 75. Rh1 Rb4 76. Rc1 Kd6 77. Rh1 b6 78. Ke2 c5 79. Kd3 b5 80. axb5 Rxb5 81. Rh7 Rb7 82. Kc3 cxd4+ 83. exd4 Rc7+ 84. Kb2 Nd8 85. Rh6 Ke7 86. Rh7+ Nf7 87. Nb1 Kf8 88. Nc3 Rd7 89. Ka3 Kg8 90. Rh1 Nd8 91. Rh6 Kg7 92. Rg6+ Kf7 93. Rh6 Kg7 94. Rg6+ Kf7 95. Rh6 1/2-1/2

[Event "ESP-chT Rapid"]
[Site "Ubeda"]
[Date "2023.09.23"]
[Round "2.6"]
[White "Goncalves, Samuel Jesus P"]
[Black "Garcia Moral Garcia, Jose Daniel"]
[Result "1-0"]
[WhiteElo "2087"]
[BlackElo "2255"]
[PlyCount "89"]
[EventDate "2023.09.23"]
[EventType "team-swiss (rapid)"]
[EventRounds "9"]
[EventCountry "ESP"]
[SourceTitle "CBM 216 Extra"]
[Source "ChessBase"]
[SourceDate "2023.11.30"]
[SourceVersion "1"]
[SourceVersionDate "2023.11.30"]
[SourceQuality "1"]
[WhiteTeam "Patrimonio de la Humanidad"]
[BlackTeam "Excalibur"]
[WhiteTeamCountry "ESP"]
[BlackTeamCountry "ESP"]

1. e4 e6 2. d4 d5 3. exd5 exd5 4. Nf3 Nf6 5. Bd3 c5 6. 0-0 c4 7. Re1+ Be7 8. Bf1 0-0 9. b3 cxb3 10. axb3 Nc6 11. Ne5 Bd6 12. Bb2 Bf5 13. c4 Bb4 14. Bc3 Bxc3 15. Nxc3 dxc4 16. Nxc6 bxc6 17. bxc4 a5 18. Na4 Qc7 19. Nc5 Rfd8 20. Qf3 Bg6 21. Qc3 h6 22. g3 Re8 23. Bg2 Rxe1+ 24. Rxe1 h5 25. h3 h4 26. g4 Re8 27. Rxe8+ Nxe8 28. Nb3 a4 29. Nc5 Nd6 30. Nxa4 Ne4 31. Qe3 Nd6 32. c5 Nb5 33. Nc3 Na3 34. Qe8+ Kh7 35. Qxc6 Qa5 36. Qf3 Nc2 37. Ne2 Qd2 38. Kh2 Bd3 39. Nf4 Bg6 40. Nxg6 fxg6 41. d5 Nd4 42. Qe4 Ne2 43. Bf3 Nc3 44. Qe3 Qc1 45. Qxc1 1-0

[Event "ESP-chT CECLUB Div2"]
[Site "Linares"]
[Date "2023.08.15"]
[Round "3.38"]
[White "Garcia Moral Garcia, Jose Daniel"]
[Black "Moya Gimeno, Raul"]
[Result "1-0"]
[WhiteElo "2289"]
[BlackElo "1975"]
[PlyCount "109"]
[EventDate "2023.08.13"]
[EventType "team-swiss"]
[EventRounds "7"]
[EventCountry "ESP"]
[SourceTitle "EXT 2024"]
[Source "ChessBase"]
[SourceDate "2023.10.10"]
[SourceVersion "1"]
[SourceVersionDate "2023.10.10"]
[SourceQuality "1"]
[WhiteTeam "Excalibur"]
[BlackTeam "Marcos Frechin"]
[WhiteTeamCountry "ESP"]
[BlackTeamCountry "ESP"]

1. d4 Nf6 2. c4 g6 3. Nc3 Bg7 4. e4 d6 5. Nf3 0-0 6. Be2 e5 7. 0-0 Nc6 8. d5 Ne7 9. Ne1 Nd7 10. Nd3 f5 11. Bd2 Nf6 12. f3 f4 13. c5 g5 14. Rc1 Ng6 15. Nb5 Rf7 16. Ba5 b6 17. cxd6 cxd6 18. Be1 a6 19. Nc3 a5 20. Nf2 h5 21. Nb5 Bf8 22. Rc3 Rg7 23. h3 Nh4 24. a4 Kh8 25. b3 Ne8 26. Qc2 Bd7 27. Bd2 g4 28. fxg4 Nf6 29. Be1 Rc8 30. Rxc8 Bxc8 31. Nd1 Ng6 32. g5 Ne8 33. h4 Bg4 34. Ndc3 Qc8 35. Qd1 Rh7 36. Bf2 Be7 37. Bf3 Bd8 38. Qe2 Bxf3 39. Qxf3 Qg4 40. Qh3 Qxh3 41. gxh3 Rd7 42. Rc1 Nc7 43. Nxc7 Rxc7 44. Kf1 Rc8 45. Ke2 Kg7 46. Kd3 Kf7 47. Na2 Rxc1 48. Nxc1 Nf8 49. Kc4 Nd7 50. Kb5 Ke7 51. Nd3 Bc7 52. Kc6 Kd8 53. Kb7 Nc5+ 54. Bxc5 bxc5 55. g6 1-0

[Event "ESP-chT CECLUB Div2"]
[Site "Linares"]
[Date "2023.08.15"]
[Round "4.23"]
[White "Suarez Uriel, Adrian"]
[Black "Garcia Moral Garcia, Jose Daniel"]
[Result "1-0"]
[WhiteElo "2376"]
[BlackElo "2289"]
[PlyCount "73"]
[EventDate "2023.08.13"]
[EventType "team-swiss"]
[EventRounds "7"]
[EventCountry "ESP"]
[SourceTitle "EXT 2024"]
[Source "ChessBase"]
[SourceDate "2023.10.10"]
[SourceVersion "1"]
[SourceVersionDate "2023.10.10"]
[SourceQuality "1"]
[WhiteTeam "Collado Villalba"]
[BlackTeam "Excalibur"]
[WhiteTeamCountry "ESP"]
[BlackTeamCountry "ESP"]

1. e4 e6 2. d4 d5 3. e5 c5 4. c3 Qb6 5. Nf3 Bd7 6. Bd3 cxd4 7. cxd4 Bb5 8. Nc3 Bb4 9. 0-0 Bxc3 10. bxc3 Bxd3 11. Qxd3 Qa6 12. Qe3 Ne7 13. Qg5 Nf5 14. g4 Ne7 15. h3 Ng6 16. Nd2 h6 17. Qe3 Ne7 18. a4 Nbc6 19. Ba3 Rc8 20. Kg2 g5 21. f4 Ng6 22. f5 Nf4+ 23. Rxf4 gxf4 24. Qxf4 Nd8 25. Bb4 exf5 26. Re1 Ne6 27. Qxf5 Rc7 28. Nf1 h5 29. Ne3 Qxa4 30. Kg1 Qd7 31. Qf6 Rg8 32. Nf5 Rc6 33. Ne7 Rg7 34. Nxc6 bxc6 35. Qh6 Kd8 36. Rb1 Qb7 37. Ba5+ 1-0

[Event "ESP-chT Rapid"]
[Site "Toledo"]
[Date "2022.09.25"]
[Round "7"]
[White "Garcia Moreno, Carlos"]
[Black "Garcia Moral Garcia, Jose Daniel"]
[Result "1-0"]
[WhiteElo "2268"]
[BlackElo "2294"]
[PlyCount "81"]
[EventDate "2022.09.24"]
[EventType "team-swiss (rapid)"]
[EventRounds "9"]
[EventCountry "ESP"]
[SourceTitle "CBM 210 Extra"]
[Source "ChessBase"]
[SourceDate "2022.11.30"]
[SourceVersion "1"]
[SourceVersionDate "2022.11.30"]
[SourceQuality "1"]
[WhiteTeam "Tomelloso"]
[BlackTeam "Excalibur"]
[WhiteTeamCountry "ESP"]
[BlackTeamCountry "ESP"]

1. e4 c5 2. Nf3 d6 3. d4 cxd4 4. Nxd4 Nf6 5. Nc3 a6 6. a3 e6 7. f4 Qc7 8. Bd3 Nc6 9. Nb3 Be7 10. Be3 b5 11. g4 h6 12. Rg1 Nd7 13. Qd2 Bb7 14. 0-0-0 Nc5 15. Kb1 b4 16. axb4 Nxb4 17. Nb5 axb5 18. Qxb4 0-0 19. Nxc5 dxc5 20. Qxb5 Ba6 21. Qxa6 Rxa6 22. Bxa6 Ra8 23. Bc4 Qa5 24. c3 Qa4 25. b3 Qa1+ 26. Kc2 Qa2+ 27. Kc1 Qxh2 28. Rd2 Qh3 29. Re2 Ra1+ 30. Kb2 Rxg1 31. Bxg1 Qxg4 32. Be3 Qf3 33. f5 exf5 34. exf5 Bf6 35. Bxc5 Qxc3+ 36. Kb1 Qa1+ 37. Kc2 Qb2+ 38. Kd1 Qb1+ 39. Kd2 Qxf5 40. Re8+ Kh7 41. Bd3 1-0

[Event "ESP-chT Rapid"]
[Site "Toledo"]
[Date "2022.09.24"]
[Round "1"]
[White "Ceballos Hornero, Daniel"]
[Black "Garcia Moral Garcia, Jose Daniel"]
[Result "0-1"]
[WhiteElo "2164"]
[BlackElo "2294"]
[PlyCount "32"]
[EventDate "2022.09.24"]
[EventType "team-swiss (rapid)"]
[EventRounds "9"]
[EventCountry "ESP"]
[SourceTitle "CBM 210 Extra"]
[Source "ChessBase"]
[SourceDate "2022.11.30"]
[SourceVersion "1"]
[SourceVersionDate "2022.11.30"]
[SourceQuality "1"]
[WhiteTeam "Ajedrez Gambito"]
[BlackTeam "Excalibur"]
[WhiteTeamCountry "ESP"]
[BlackTeamCountry "ESP"]

1. c4 Nf6 2. Nc3 e6 3. e4 d6 4. Nf3 Nc6 5. d4 Be7 6. d5 Nb8 7. Be2 e5 8. 0-0 a5 9. Ne1 Na6 10. Nd3 0-0 11. Be3 b6 12. a3 Nc5 13. f3 Bd7 14. b4 Nxd3 15. Bxd3 Nh5 16. Ne2 g6 0-1

[Event "ESP-ch rapid"]
[Site "Linares"]
[Date "2017.08.13"]
[Round "9"]
[White "Garcia Moral Garcia, Jose Daniel"]
[Black "Sanjuan Garcia, Miguel"]
[Result "1-0"]
[WhiteElo "2305"]
[BlackElo "2022"]
[PlyCount "63"]
[EventDate "2017.08.13"]
[EventType "swiss (rapid)"]
[EventRounds "9"]
[EventCountry "ESP"]
[SourceTitle "CBM 179 Extra"]
[Source "ChessBase"]
[SourceDate "2017.08.23"]
[SourceVersion "1"]
[SourceVersionDate "2017.08.23"]
[SourceQuality "1"]

1. e4 c5 2. Nf3 e6 3. d4 cxd4 4. Nxd4 Nf6 5. Nc3 d6 6. Bg5 h6 7. Be3 Be7 8. f3 Nc6 9. Qd2 0-0 10. 0-0-0 d5 11. Qe1 Bb4 12. a3 Ba5 13. Nb3 Bxc3 14. Qxc3 Bd7 15. e5 Nh7 16. Bc5 Re8 17. f4 Rc8 18. Qe3 b6 19. Bd6 Na5 20. Nxa5 bxa5 21. Qxa7 Ba4 22. Bd3 Nf6 23. Qd4 Bxc2 24. Bxc2 Rc4 25. Qxc4 dxc4 26. exf6 Qxf6 27. Be5 Qe7 28. Rd2 Rc8 29. Bc3 Qc7 30. g3 h5 31. Rhd1 g6 32. Bf6 1-0

[Event "ESP-ch Autonomicas"]
[Site "Gijon"]
[Date "2011.04.30"]
[Round "3.3"]
[White "Oms Pallisse, Josep"]
[Black "Garcia Moral Garcia, Jose Daniel"]
[Result "1-0"]
[WhiteElo "2520"]
[BlackElo "2317"]
[PlyCount "55"]
[EventDate "2011.04.29"]
[EventType "team-swiss"]
[EventRounds "6"]
[EventCountry "ESP"]
[SourceTitle "CBM 142 Extra"]
[Source "ChessBase"]
[SourceDate "2011.06.27"]
[SourceVersion "1"]
[SourceVersionDate "2011.06.27"]
[SourceQuality "1"]
[WhiteTeam "Catalunya"]
[BlackTeam "Castilla La Mancha"]
[WhiteTeamCountry "ESP"]
[BlackTeamCountry "ESP"]

1. Nf3 Nf6 2. c4 g6 3. Nc3 Bg7 4. e4 d6 5. d4 0-0 6. Be2 e5 7. 0-0 Nc6 8. d5 Ne7 9. Ne1 Nd7 10. Nd3 f5 11. Bd2 Nf6 12. f3 f4 13. c5 g5 14. Rc1 Ng6 15. Nb5 Rf7 16. Ba5 b6 17. cxd6 cxd6 18. Be1 a6 19. Nc3 h5 20. Nb4 g4 21. Na4 Rc7 22. Nc6 Rxc6 23. dxc6 Qc7 24. Qb3+ Kh8 25. Qxb6 Qe7 26. c7 Nd7 27. Qc6 Ra7 28. fxg4 1-0

[Event "ESP-ch Autonomicas"]
[Site "Gijon"]
[Date "2011.04.29"]
[Round "1.3"]
[White "Arnedo Ruiz, Alberto"]
[Black "Garcia Moral Garcia, Jose Daniel"]
[Result "0-1"]
[WhiteElo "2019"]
[BlackElo "2317"]
[PlyCount "78"]
[EventDate "2011.04.29"]
[EventType "team-swiss"]
[EventRounds "6"]
[EventCountry "ESP"]
[SourceTitle "CBM 142 Extra"]
[Source "ChessBase"]
[SourceDate "2011.06.27"]
[SourceVersion "1"]
[SourceVersionDate "2011.06.27"]
[SourceQuality "1"]
[WhiteTeam "La Rioja"]
[BlackTeam "Castilla La Mancha"]
[WhiteTeamCountry "ESP"]
[BlackTeamCountry "ESP"]

1. e4 c5 2. Nf3 e6 3. d3 Nc6 4. g3 d6 5. Bg2 g6 6. 0-0 Bg7 7. Re1 Nge7 8. c3 0-0 9. Nbd2 b5 10. a3 Rb8 11. Nf1 e5 12. b4 a5 13. Qd2 h6 14. Bb2 Qb6 15. Ne3 Be6 16. d4 exd4 17. cxd4 Nxd4 18. Nxd4 cxd4 19. Nc2 axb4 20. axb4 Nc6 21. Ra3 Ra8 22. Rea1 Rxa3 23. Rxa3 Bc4 24. Kh1 Re8 25. f4 f5 26. e5 dxe5 27. fxe5 d3 28. Rxd3 Bxd3 29. Qxd3 Nxe5 30. Qb3+ Kh7 31. Bd4 Qc7 32. Bc5 Ng4 33. Bf1 Qc6+ 34. Bg2 Qd7 35. Bd5 Rd8 36. Bf3 Qd2 37. Bxg4 fxg4 38. Be3 Qe2 39. Nd4 Qf1+ 0-1

[Event "ESP-chT2 Gr2"]
[Site "Granada"]
[Date "2010.08.06"]
[Round "4"]
[White "Sanchez Gonzalez, Sergio"]
[Black "Garcia Moral Garcia, Jose Daniel"]
[Result "0-1"]
[WhiteElo "2311"]
[BlackElo "2304"]
[PlyCount "92"]
[EventDate "2010.08.04"]
[EventType "team-tourn"]
[EventRounds "6"]
[EventCountry "ESP"]
[SourceTitle "CBM 137 Extra"]
[Source "ChessBase"]
[SourceDate "2010.09.01"]
[SourceVersion "1"]
[SourceVersionDate "2010.09.01"]
[SourceQuality "1"]

1. e4 c5 2. Nf3 d6 3. d4 cxd4 4. Nxd4 Nf6 5. Nc3 a6 6. Be2 e6 7. f4 Qc7 8. a4 Be7 9. 0-0 0-0 10. Kh1 Nc6 11. Nxc6 bxc6 12. Bf3 d5 13. exd5 cxd5 14. f5 Rb8 15. g4 exf5 16. g5 Ng4 17. Qe2 Bd6 18. Nxd5 Qd8 19. Nf4 Re8 20. Qg2 Qxg5 21. Bc6 Rf8 22. Be3 Qh4 23. Bg1 Rxb2 24. Rad1 Bxf4 25. Rxf4 Qh6 26. Rff1 Ne3 27. Rb1 Rxb1 28. Rxb1 g6 29. Bxe3 Qxe3 30. Bf3 Be6 31. Qe2 Qxe2 32. Bxe2 Rc8 33. Rb2 Bc4 34. Bf3 Rc5 35. Kg1 Kg7 36. Kf2 Kf6 37. Rb6+ Ke5 38. Ke3 f4+ 39. Kd2 a5 40. Rb8 h5 41. Re8+ Be6 42. Be2 Kf6 43. c3 Rd5+ 44. Kc1 Re5 45. Bd1 Bg4 46. Rd8 Re1 0-1

[Event "ESP-chT2 Gr2"]
[Site "Granada"]
[Date "2010.08.05"]
[Round "3"]
[White "Garcia Moral Garcia, Jose Daniel"]
[Black "Gavilan Diaz, Mario"]
[Result "1/2-1/2"]
[WhiteElo "2304"]
[BlackElo "2239"]
[PlyCount "54"]
[EventDate "2010.08.04"]
[EventType "team-tourn"]
[EventRounds "6"]
[EventCountry "ESP"]
[SourceTitle "CBM 137 Extra"]
[Source "ChessBase"]
[SourceDate "2010.09.01"]
[SourceVersion "1"]
[SourceVersionDate "2010.09.01"]
[SourceQuality "1"]

1. e4 e6 2. d3 c5 3. Nd2 Nc6 4. Ngf3 g6 5. g3 Bg7 6. Bg2 Nge7 7. 0-0 0-0 8. Re1 d6 9. a4 Rb8 10. Nc4 a6 11. Bf4 e5 12. Bd2 b5 13. axb5 axb5 14. Ne3 h6 15. Nh4 Be6 16. c3 Qd7 17. Nd5 g5 18. Nxe7+ Nxe7 19. Nf3 Ng6 20. Be3 f5 21. exf5 Bxf5 22. Nd2 Nf4 23. Bxf4 exf4 24. Qb3+ Kh8 25. Qd5 b4 26. d4 cxd4 27. cxd4 Rb5 1/2-1/2

[Event "Valencia Real Provincial-ch"]
[Site "Ciudad Real"]
[Date "2010.05.16"]
[Round "6.2"]
[White "Fernandez Barrera, Victor"]
[Black "Garcia Moral Garcia, Jose Daniel"]
[Result "1-0"]
[WhiteElo "2313"]
[BlackElo "2316"]
[PlyCount "130"]
[EventDate "2010.04.11"]
[EventType "swiss"]
[EventRounds "6"]
[EventCountry "ESP"]
[SourceTitle "EXT 2024"]
[Source "ChessBase"]
[SourceDate "2023.10.10"]
[SourceVersion "1"]
[SourceVersionDate "2023.10.10"]
[SourceQuality "1"]

1. e4 c5 2. Nf3 d6 3. d4 cxd4 4. Nxd4 Nf6 5. Nc3 a6 6. Be2 e6 7. 0-0 Be7 8. Be3 0-0 9. f4 Qc7 10. g4 Nc6 11. g5 Nd7 12. f5 Nde5 13. f6 Bd8 14. Nxc6 Qxc6 15. Qd4 b5 16. Kh1 Rb8 17. fxg7 Re8 18. a3 Bb6 19. Qd2 Bxe3 20. Qxe3 b4 21. axb4 Rxb4 22. Qf4 Kxg7 23. Bh5 Qc7 24. Ra5 Ng6 25. Bxg6 fxg6 26. Rc5 Qe7 27. Rc6 Rd8 28. b3 Bb7 29. Qf6+ Qxf6 30. Rc7+ Kg8 31. Rxf6 Bxe4+ 32. Nxe4 Rxe4 33. Rff7 Re1+ 34. Kg2 Re2+ 35. Kg1 Rxc2 36. Rg7+ Kh8 37. Rxh7+ Kg8 38. Rcg7+ Kf8 39. Rxg6 Rdc8 40. Rh8+ Kf7 41. Rf6+ Kg7 42. Rxc8 Rxc8 43. Rxe6 Rc3 44. Rxd6 Rxb3 45. Rxa6 Rh3 46. Ra4 Kg6 47. Kg2 Rb3 48. h4 Kh5 49. Rf4 Ra3 50. Kf2 Rb3 51. Ke2 Ra3 52. Kf2 Rb3 53. Rf8 Rb2+ 54. Kg3 Rb3+ 55. Kf4 Rb4+ 56. Kf5 Rb5+ 57. Kf6 Rb6+ 58. Kg7 Kxh4 59. Rf6 Rb5 60. g6 Kg5 61. Ra6 Rb7+ 62. Kh8 Rb1 63. Kh7 Kf5 64. g7 Rh1+ 65. Rh6 Kg5 1-0

[Event "Valencia Real Provincial-ch"]
[Site "Ciudad Real"]
[Date "2010.04.11"]
[Round "1.2"]
[White "Espinosa Moreno, Carlos"]
[Black "Garcia Moral Garcia, Jose Daniel"]
[Result "0-1"]
[WhiteElo "1555"]
[BlackElo "2316"]
[PlyCount "52"]
[EventDate "2010.04.11"]
[EventType "swiss"]
[EventRounds "6"]
[EventCountry "ESP"]
[SourceTitle "EXT 2024"]
[Source "ChessBase"]
[SourceDate "2023.10.10"]
[SourceVersion "1"]
[SourceVersionDate "2023.10.10"]
[SourceQuality "1"]

1. e4 c5 2. Nf3 d6 3. d4 cxd4 4. Nxd4 Nf6 5. Nc3 a6 6. Bc4 e6 7. Be3 b5 8. Bb3 Bb7 9. f3 Nbd7 10. Qd2 Nc5 11. 0-0-0 Be7 12. Kb1 0-0 13. g4 Nfd7 14. a3 Nxb3 15. Nxb3 Ne5 16. Qf2 Nc4 17. Bc1 Qc7 18. Rd3 Bc6 19. Nd2 Ne5 20. Re3 a5 21. Qe2 b4 22. axb4 axb4 23. Nb5 Bxb5 24. Qxb5 Qa7 25. c3 Qxe3 26. Qxb4 Qd3# 0-1

[Event "ESP-chT2 Gr2"]
[Site "Burguillos"]
[Date "2009.08.08"]
[Round "5"]
[White "Vitor, Antonio Pedro Caste"]
[Black "Garcia Moral Garcia, Jose Daniel"]
[Result "1-0"]
[WhiteElo "2398"]
[BlackElo "2326"]
[PlyCount "81"]
[EventDate "2009.08.05"]
[EventType "team-swiss"]
[EventRounds "6"]
[EventCountry "ESP"]
[SourceTitle "CBM 131 Extra"]
[Source "ChessBase"]
[SourceDate "2009.09.03"]
[SourceVersion "2"]
[SourceVersionDate "2009.09.16"]
[SourceQuality "1"]

1. Nf3 g6 2. d4 Bg7 3. c4 Nf6 4. Nc3 0-0 5. e4 d6 6. Be2 e5 7. 0-0 Nc6 8. d5 Ne7 9. b4 a5 10. Ba3 axb4 11. Bxb4 Nd7 12. a4 Bh6 13. a5 f5 14. Qc2 Nf6 15. Rfd1 Kh8 16. Nd2 Neg8 17. c5 Bxd2 18. Rxd2 f4 19. cxd6 cxd6 20. Rc1 Ne8 21. Qd1 Ngf6 22. Rb2 g5 23. f3 Rg8 24. Na4 g4 25. Nb6 Rb8 26. Be1 gxf3 27. Bxf3 Bg4 28. Bh4 h5 29. h3 Bxf3 30. Qxf3 Kh7 31. Kh1 Kh6 32. g3 fxg3 33. Rg2 Qe7 34. Rf1 Rg6 35. Rxg3 Rxg3 36. Qxg3 Kh7 37. Qf3 Kg7 38. Rg1+ Kf7 39. Qf5 Kf8 40. Bxf6 Qxf6 41. Nd7+ 1-0

[Event "ESP-chT Autonomicas 4th"]
[Site "Villava"]
[Date "2009.05.02"]
[Round "5"]
[White "Garcia Moral Garcia, Jose Daniel"]
[Black "De la Villa Garcia, Jesus Maria"]
[Result "1/2-1/2"]
[WhiteElo "2324"]
[BlackElo "2476"]
[PlyCount "40"]
[EventDate "2009.04.30"]
[EventType "tourn"]
[EventRounds "6"]
[EventCountry "ESP"]
[SourceTitle "CBM 130 Extra"]
[Source "ChessBase"]
[SourceDate "2009.07.02"]
[SourceVersion "2"]
[SourceVersionDate "2009.07.15"]
[SourceQuality "1"]

1. e4 c5 2. Nf3 d6 3. d4 cxd4 4. Nxd4 Nf6 5. Nc3 Nc6 6. Bg5 e6 7. Qd2 Be7 8. 0-0-0 a6 9. f3 Nxd4 10. Qxd4 0-0 11. h4 b5 12. Kb1 Bb7 13. a3 Qc7 14. g4 Rac8 15. Qd2 d5 16. e5 d4 17. Bxf6 gxf6 18. exf6 Bxf6 19. Bd3 Bg7 20. Ne4 Bxe4 1/2-1/2

[Event "ESP-chT Autonomicas 4th"]
[Site "Villava"]
[Date "2009.05.01"]
[Round "2"]
[White "Suarez Pousa, Diego"]
[Black "Garcia Moral Garcia, Jose Daniel"]
[Result "0-1"]
[WhiteElo "2431"]
[BlackElo "2324"]
[PlyCount "82"]
[EventDate "2009.04.30"]
[EventType "tourn"]
[EventRounds "6"]
[EventCountry "ESP"]
[SourceTitle "CBM 130 Extra"]
[Source "ChessBase"]
[SourceDate "2009.07.02"]
[SourceVersion "2"]
[SourceVersionDate "2009.07.15"]
[SourceQuality "1"]

1. e4 e5 2. Nf3 Nc6 3. Bb5 a6 4. Ba4 Nf6 5. 0-0 b5 6. Bb3 Bc5 7. d3 d6 8. Be3 0-0 9. h3 Re8 10. a4 Rb8 11. axb5 axb5 12. Nc3 h6 13. Qc1 Nd7 14. Ne2 Rf8 15. Ng3 Bxe3 16. fxe3 Nc5 17. Ba2 Nb4 18. Qd2 Nxa2 19. Rxa2 g6 20. d4 Nd7 21. Raa1 Bb7 22. Ra7 c5 23. Rd1 Bc6 24. Ra6 Qc8 25. Rda1 Ra8 26. Rxa8 Bxa8 27. Qa5 cxd4 28. exd4 Nf6 29. Qxb5 Nxe4 30. Nxe4 Bxe4 31. Ne1 exd4 32. Qe2 Re8 33. Qd2 Qc5 34. Nd3 Bxd3 35. cxd3 Re3 36. Ra3 Qe5 37. Kf2 Qf4+ 38. Kg1 Qg3 39. Kf1 Qh2 40. Ra8+ Kg7 41. Qf2 Qh1+ 0-1

[Event "ESP-chT Gp1"]
[Site "Burguillos"]
[Date "2008.08.16"]
[Round "5"]
[White "Garcia Moral Garcia, Jose Daniel"]
[Black "Reales Murto, Manuel Jose"]
[Result "1/2-1/2"]
[WhiteElo "2298"]
[BlackElo "2281"]
[PlyCount "106"]
[EventDate "2008.08.13"]
[EventType "team-tourn"]
[EventRounds "6"]
[EventCountry "ESP"]
[SourceTitle "CBM 126 Extra"]
[Source "ChessBase"]
[SourceDate "2008.11.05"]
[SourceVersion "1"]
[SourceVersionDate "2008.11.05"]
[SourceQuality "1"]

1. e4 e6 2. d4 d5 3. Nc3 Bb4 4. e5 Qd7 5. a3 Bxc3+ 6. bxc3 b6 7. Nh3 Ba6 8. Bxa6 Nxa6 9. Nf4 g6 10. a4 Nb8 11. h4 Nc6 12. Ba3 Nge7 13. Bb4 Rf8 14. 0-0 Nxb4 15. cxb4 Nc6 16. c3 Ne7 17. Nd3 Nf5 18. g3 h5 19. Qd2 Rg8 20. Kg2 Qe7 21. Qg5 Qxg5 22. hxg5 Kd7 23. a5 Kc6 24. Rfb1 Kb5 25. Nb2 Rgc8 26. Na4 Rab8 27. Kf3 Kc6 28. b5+ Kd7 29. Kf4 Rh8 30. Rb3 Rbc8 31. axb6 axb6 32. Nb2 Ra8 33. Rba3 Rxa3 34. Rxa3 Ne7 35. Nd3 Rc8 36. Ra7 Rb8 37. Nb4 Nc8 38. Ra1 Ne7 39. Ke3 Rh8 40. Kf3 Rg8 41. Nc2 Kc8 42. Ra8+ Kb7 43. Rxg8 Nxg8 44. Ke3 Ne7 45. Kd3 c6 46. bxc6+ Kxc6 47. Na3 Nc8 48. Kc2 Ne7 49. Kd3 Nf5 50. Ke2 Ng7 51. Kd3 Ne8 52. Kc2 Nc7 53. Kb3 Na6 1/2-1/2

[Event "ESP-chT CECLUB Sur Div 1"]
[Site "Burguillos"]
[Date "2007.08.25"]
[Round "5"]
[White "Fernandez Romero, Ernesto"]
[Black "Garcia Moral Garcia, Jose Daniel"]
[Result "1-0"]
[WhiteElo "2450"]
[BlackElo "2250"]
[PlyCount "69"]
[EventDate "2007.08.22"]
[EventType "team-tourn"]
[EventRounds "6"]
[EventCountry "ESP"]
[SourceTitle "CBM 119 Extra"]
[Source "ChessBase"]
[SourceDate "2007.09.04"]
[SourceVersion "1"]
[SourceVersionDate "2007.09.04"]
[SourceQuality "1"]

1. e4 c5 2. Nc3 Nc6 3. Nge2 d6 4. d4 cxd4 5. Nxd4 Nf6 6. Bg5 e6 7. Qd2 Be7 8. 0-0-0 a6 9. f3 0-0 10. h4 Nxd4 11. Qxd4 b5 12. Kb1 Bb7 13. Qd2 Rc8 14. Bd3 Nd7 15. Rhe1 Ne5 16. Be3 Nxd3 17. Qxd3 Qc7 18. Bg5 Rfd8 19. Bxe7 Qxe7 20. h5 Qg5 21. g4 h6 22. a3 Bc6 23. Ne2 d5 24. e5 Qxe5 25. f4 Qe4 26. Qd2 Qh7 27. Nd4 Bd7 28. Qe2 Re8 29. Qe5 Red8 30. Rd2 a5 31. g5 hxg5 32. fxg5 g6 33. hxg6 Qxg6 34. Rh2 f6 35. gxf6 1-0